| 000 | 00924cam a2200289 a 4500 | ||
|---|---|---|---|
| 001 | 1188 | ||
| 005 | 20231123150441.0 | ||
| 020 | _a078073003259 | ||
| 040 |
_aDLC _cDLC _dDLC _beng |
||
| 050 | 1 | 0 |
_aPZ7.M3567585 _bTr 1986 |
| 082 | 0 | 0 |
_a813.54 _219 |
| 100 | 1 |
_aMartin, Ann M. _d1955- |
|
| 245 | 1 | 4 |
_aThe truth about Stacey / _cAnn M. Martin. |
| 260 |
_aLakesville : _bScholastic, _c1986 |
||
| 300 |
_a167 pages : _c21 cm _bIllustrations ; |
||
| 490 | 1 |
_aThe Baby-sitters Club _vBook 3 |
|
| 505 | _aP | ||
| 520 | _aStacey, a member of the Baby-sitters Club, learns to cope with her diabetes and her overprotective parents. | ||
| 521 |
_a650
_bLexile |
||
| 521 |
_aP
_bRaz-Plus |
||
| 650 | 0 | _aLarge type books. | |
| 650 | 1 |
_aBabysitters and babysitting _xFiction. |
|
| 650 | 1 |
_aDiabetes _xFiction. |
|
| 650 | 1 | _aLarge type books. | |
| 906 |
_a7 _bcbc _corignew _d1 _eocip _f19 _gy-gencatlg |
||
| 942 |
_2ddc _cBK _n0 |
||
| 999 |
_c1188 _d1188 |
||